000 00718nam a22002297a 4500
001 77455
003 BD-RjUL
005 20211209082955.0
008 200920r19641891enk||||| |||| 00| 0 eng d
035 _a(BD-RjUL)77680
040 _aBD-RjUL
_beng
_cBD-RjUL
041 _aeng
082 _223
_a821.8
_bTEE 1964
100 _aTennyson, Lord
_9241472
245 1 0 _aEnoch Arden /
_cby Lord Tennyson ; with introductions and notes by W.T. Webb.
260 _aLondon :
_bMacmillan,
_c1891 [reprinted 1936,1960, 1964]
300 _axxxvii, 60 pages ;
_c18 cm.
500 _aOriginally published 1891.
600 _aTennyson, Alfred Tennyson,
_d1809-1892
_9241485
650 _aEnglish poetry
_9241474
942 _2ddc
_cBK
999 _c77455
_d77455